LEADER 01268nam a2200253 i 4500 001 000000140179 003 CaOOAMICUS 005 20050610000000.0 008 050610s1968 it u000 u ita u 013 $a114378 040 $aSeMil$bita 100 1 $aLonghi, Roberto,$d<1890-1970>.$0(OLS)http://semarc/name/5023 240 10$aGiotto ; Giusto di Padova ; Giovanni di Francesco ; Angelico ; Gentile da Fabriano ; Cristoforo Moretti ; Bonifacio Bembo ; Mantegna ; Carpaccio ...$0(OLS)http://semarc/title/204828 245 10$a'Me pinxit' e quesiti caravaggeschi :$b1928-1934 /$cRoberto Longhi. 260 $aFirenze :$bSansoni,$c1968. 300 $aXII, 558 p. :$b240 illustrazioni in nero e 50 a colori ;$c27 cm. 490 0 $aEdizione delle opere complete di Roberto Longhi ;$vVolume4. 650 4$aPittura - Storia.$0(OLS)http://semarc/subject/1734 830 0$aEdizione delle opere complete di Roberto Longhi ;$vVolume4.$0(OLS)http://semarc/title/17604 850 $aSeMil 852 $aSeMil$W1$xVenegono$y1$m5U XVI 15$j93563$B93563$CSeMilBibl$Z2$F98961 $8I 961 $aOmaggio: Altro 996 $6245$a'Me pinxit' e quesiti caravaggeschi :$b1928-1934$9(OLS)http://semarc/title/204827 996 $6260$aFirenze :$bSansoni$9(OLS)http://semarc/publisher/29843 LEADER 01516nam a2200265 i 4500 001 000000066977 003 CaOOAMICUS 005 20090423000000.0 008 090423s1989 it u000 u ita u 013 $a38149 040 $aSeMil$bita 100 1 $aFumagalli, Alberto.$0(OLS)http://semarc/name/30213 245 10$aPreludio e compimento :$bil Concilio Tridentino e l'arte sacra. Il ciclo di affreschi di Lorenzo Lotto nell'Oratorio Suardi di Trescore Balneario e le grandi composizioni del Sacro Monte di Varese /$cAlberto Fumagalli ; fotografie di Francesco Fumagalli. 260 $aClusone :$bCesare Ferrari,$cstampa 1989. 300 $a108 p. :$briccamente ill. ;$c31 cm. 500 $aSul front. : A cura delle Camere di Commercio di Bergamo e di Varese. 650 4$aArte sacra.$0(OLS)http://semarc/subject/1332 650 4$aConcilio di Trento <1545-1563>.$0(OLS)http://semarc/subject/58 650 4$aVarese - Sacro Monte.$0(OLS)http://semarc/subject/7250 700 1 $aFumagalli, Francesco.$0(OLS)http://semarc/name/33564 850 $aSeMil 852 $aSeMil$W1$xVenegono$y1$m3A VI 68$j33130$B33130$CSeMilBibl$Z2$F33133 $81 961 $aOmaggio: Patti mons. Francesco 996 $6245$aPreludio e compimento :$bil Concilio Tridentino e l'arte sacra. Il ciclo di affreschi di Lorenzo Lotto nell'Oratorio Suardi di Trescore Balneario e le grandi composizioni del Sacro Monte di Varese$9(OLS)http://semarc/title/106651 996 $6260$aClusone :$bCesare Ferrari$9(OLS)http://semarc/publisher/42704